Pāṭṭu nalla pāṭṭu! = The song is a good song! / (Record no. 199717)

MARC details
000 -LEADER
fixed length control field 01278nam a2200265 i 4500
005 - DATE AND TIME OF LATEST TRANSACTION
control field 20250604124422.0
008 - FIXED-LENGTH DATA ELEMENTS--GENERAL INFORMATION
fixed length control field 250604s2023 ii a br 000 p tam d
020 ## - INTERNATIONAL STANDARD BOOK NUMBER
International Standard Book Number 9788119063871
Terms of availability RM16.80
Qualifying information paperback
040 ## - CATALOGING SOURCE
Original cataloging agency PPAK
Language of cataloging eng
Transcribing agency PPAK
Description conventions rda
082 04 - DEWEY DECIMAL CLASSIFICATION NUMBER
Edition number 23
Classification number 894.8111
090 00 - LOCALLY ASSIGNED LC-TYPE CALL NUMBER (OCLC); LOCAL CALL NUMBER (RLIN)
Classification number (OCLC) (R) ; Classification number, CALL (RLIN) (NR) 894.8111
Feature heading PAT
Feature heading K
245 00 - TITLE STATEMENT
Linkage 880-01
Title Pāṭṭu nalla pāṭṭu! = The song is a good song! /
Statement of responsibility, etc. Editor: Vishnupuram Saravanan ; Illustrations: Pillai
264 #1 - PRODUCTION, PUBLICATION, DISTRIBUTION, MANUFACTURE, AND COPYRIGHT NOTICE
Place of production, publication, distribution, manufacture Chennai, India :
Name of producer, publisher, distributor, manufacturer SRV Tamil Publishing House,
Date of production, publication, distribution, manufacture, or copyright notice 2023
300 ## - PHYSICAL DESCRIPTION
Extent 24 pages :
Other physical details color illustrations ;
Dimensions 17 x 19 cm
336 ## - CONTENT TYPE
Content type term text
Source rdacontent
337 ## - MEDIA TYPE
Media type term unmediated
Source rdamedia
338 ## - CARRIER TYPE
Carrier type term volume
Source rdacarrier
650 10 - SUBJECT ADDED ENTRY--TOPICAL TERM
Topical term or geographic name entry element Children's poetry, Tamil
700 1# - ADDED ENTRY--PERSONAL NAME
Linkage 880-2
Personal name Saravanan, Vishnupuram,
Relator term editor.
Linkage 880-3
Personal name Pillai,
Relator term illustrator.
880 00 - ALTERNATE GRAPHIC REPRESENTATION
Linkage 245-01
a பாட்டு நல்ல பாட்டு! /
c தொகுப்பாசிரியர்: விஷ்ணுபுரம் சரவணன் ; ஓவியங்கள் : பிள்ளை
Linkage 700-02
a சரவணன், விஷ்ணுபுரம்,
e தொகுப்பாசிரியர்.
Linkage 700-03
a பிள்ளை,
e ஓவியங்கள்.
942 ## - ADDED ENTRY ELEMENTS (KOHA)
Source of classification or shelving scheme Dewey Decimal Classification
Koha item type Book
Holdings
Withdrawn Not for loan Current library Shelving location Date acquired Total Checkouts Full call number Barcode Date last seen Koha item type
    Perpustakaan Alor Setar Pinjaman Kanak-kanak 13/07/2025   K 894.8111 PAT A01870886 13/07/2025 Book
    Perpustakaan Awam Sungai Petani Pinjaman Kanak-kanak 13/07/2025   K 894.8111 PAT A01870887 13/07/2025 Book